WW2 quiz #1 - Statistics

General Stats
  • This quiz has been taken 26 times
  • The average score is 17 of 25
Answer Stats
Hint Answer % Correct
What year did the war start 1939
100%
What year did the war end 1945
100%
Leader of The German Reich Adolf Hitler
100%
Germany
91%
United Kingdom
91%
France
87%
Japan
87%
United States
87%
Italy
83%
Poland
83%
countries with over 100,000 military deaths Soviet union
83%
Location of trial of the Nazi war criminals Nuremburg
78%
Little Boy
74%
The attack on which naval base by japan brought the US into the war pearl harbour
74%
Type of warfare employed by the Germans meaning lightning war Blitz Krieg
70%
China
70%
General who lead the German tanks in Africa and was nicknamed the desert fox Erwin Rommel
61%
Fortification line in France on the border of Germany Maginot line
57%
Nicknames of the two nukes dropped on japan Fat man
48%
Hungary
43%
Romania
39%
Yugoslavia
26%
Most famous Japanese fighter plane nickname zero
26%
Plot to assassinate Hitler also know as the July bomb plot Operation Valkyrie
17%
The German equivalent of this line Siegfried line
13%
No matching quizzes found
Score Distribution
Percent of People with Each Score
Percentile by Number Answered
Your Score History
You have not taken this quiz